• 首页
  • 本馆介绍
  • 公告通知
  • 最新文献
  • 馆藏检索
  • 电子资源
  • 读者导购
  • 参考咨询
  • 我的图书馆
  • 登录
  • 详细信息显示
  • 放入我的书架
  • 预约/预借图书
  • 作者相关作品
  • 分类相关作品
  • 丛书相关作品
  • 出版社相关作品

书目信息

  • 表格格式
  • 工作单格式
  • 卡片格式
题名:
物理实验论
    
 
作者: 陶洪 著
分册:  
出版信息: 南宁   广西教育出版社  1996
页数: 212页
开本: 20cm
丛书名: 学科现代教育理论书系
单 册:
中图分类: O4-33 , G40-01
科图分类:
主题词: 物理学--实验--概论 , 教育学
电子资源:
ISBN: 7-5435-2541-0
000 00796nam2 2200289 45
001 0198014589
005 20061111080846.60
010    @a7-5435-2541-0@dCNY13.50
010    @a7-5435-2542-9@b精装@d¥18
100    @a19980311d1996 em y0chiy0121 ea
101 0  @achi
102    @aCN@b450000
105    @ac z 000yy
106    @ar
200 10 @a物理实验论@Awu li shi yan lun@f陶洪著
210    @a南宁@c广西教育出版社@d1996
215    @a212页@c肖像@d20cm
225 2  @a学科现代教育理论书系@i物理
300    @a国家“九五”重点图书出版规划项目
410  0 @120010@a学科现代教育理论书系
606    @a物理学@x实验@x概论
606 0  @a教育学
690    @aO4-33@v3
690    @aG40-01
701  0 @a陶洪@Atao hong@4著
801  0 @aCN@bNLC@c20061111
905    @f4@b281516-519@dG40-01@e198:3
    
    物理实验论/陶洪著.-南宁:广西教育出版社,1996
    212页:肖像;20cm.-(学科现代教育理论书系.物理)
    国家“九五”重点图书出版规划项目
    
    ISBN 7-5435-2541-0:CNY13.50
    
●
相关链接 在E读中查询图书 在五车中查询图书 在当当中查询图书 在豆瓣中查询图书


正题名:物理实验论     索取号:G40-01/198:3         预约/预借

序号 登录号 条形码 馆藏地/架位号 状态 备注
1 0281516   002815163   密集书库/ [索取号:G40-01/198:3] 在馆    
2 0281517   002815172   密集书库/ [索取号:G40-01/198:3] 在馆    
3 0281518   002815181   密集书库/ [索取号:G40-01/198:3] 在馆    
4 0281519   002815190   密集书库/ [索取号:G40-01/198:3] 在馆    
5 0281520   002815207   第一样本阅览室/ [索取号:G40-01/198:3] 在馆    
6 0323587   203235873   第四借阅区/ [索取号:G40-01/198:3] 在馆    
7 0323588   203235882   密集书库/ [索取号:G40-01/198:3] 在馆    
8 0323589   203235891   密集书库/ [索取号:G40-01/198:3] 在馆    
9 0323590   203235908   密集书库/ [索取号:G40-01/198:3] 在馆    
10 0323591   203235917   第四借阅区/ [索取号:G40-01/198:3] 在馆    
唐山师范学院图书馆 欢迎您!
大连网信软件有限公司© 版权所有